000
00296nam a22001337a 4500
008
180924b xxu||||| |||| 00| 0 eng d
020
_a
0874884195
041
_a
eng
080
_a
610
100
_a
4
101
_a
SHM
245
_a
Clinical Nuclear Medicine Imaging
_c
Matin,P
942
_2
udc
_c
BK
999
_c
48316
_d
48316